00326nam a2200133Ia 4500003000400000005001700004008004100021040000900062082002000071245004900091260002900140300000900169650001400178OSt20211129115207.0190216s9999||||xx |||||||||||||| ||und|| coclc a894.8128bKAZ/V 0aVishwastha Mithrangal Thammilulla Samvadam / bA N Kazantsev, aMadras: a143p aMalayalam